| 000 | 00745nam a22002297a 4500 | ||
|---|---|---|---|
| 003 | DO-SdBNP | ||
| 005 | 20171129155543.0 | ||
| 008 | 171108b 2000 ag a ||||| |||| 00| 0 spa d | ||
| 020 | _a9500717476 | ||
| 040 |
_aBPMSU _bspa _cBPMSU |
||
| 092 |
_axxxx _bxxxx |
||
| 100 | 1 |
_aTonelli, Luis, _d1962- |
|
| 245 | 1 | 0 |
_aLa vocación / _cLuis Tonelli ; repuestas de Oscar Araiz. |
| 260 |
_aBuenos Aires : _bSudamericana, _c2000. |
||
| 300 |
_a188 p. : _bil ; _c23 cm. |
||
| 500 | _aIncluye datos del autor en la solapa de la cubierta. | ||
| 500 | _a21 repuestas a la pregunta ¿Qué voy a ser? | ||
| 700 | 1 | 2 | _aAraiz, Oscar |
| 942 |
_2ddc _cBK |
||
| 945 | _aInventariado extranjero / 2017 YL | ||
| 956 |
_aLOPEREZ _b10 _c20171108 _h00041 _iBPMSU |
||
| 999 |
_c12805 _d12805 |
||